Amicizia Coraggio Lealta' E Altri Tesori

محفوظ في:
التفاصيل البيبلوغرافية
المؤلف الرئيسي: Laura Gasparino
التنسيق: كتاب
اللغة:لغة غير معروفة
منشور في: Arnoldo Mondatori
الوسوم: إضافة وسم
لا توجد وسوم, كن أول من يضع وسما على هذه التسجيلة!

MARC

LEADER 00000nam a2200000Ia 4500
001 R-1191
003 CODICE-MESSINA
005 20260212102503.0
008 260211s9999 xx 000 0 und d
040 |c importazione_messina 
100 |a Laura Gasparino  
245 0 |a Amicizia Coraggio Lealta' E Altri Tesori 
260 |b Arnoldo Mondatori 
942 |2 ddc  |c BK 
952 |0 0  |1 0  |2 ddc  |4 0  |6 SCAFFALE_11_000000000000000__ROMANZI  |7 0  |9 32023  |a ME  |b ME  |d 2026-02-11  |l 0  |o SCAFFALE 11 - ROMANZI  |p R-1191  |r 2026-02-11 23:52:55  |w 2026-02-11  |x [REVISIONARE]  |y BK 
999 |c 27690  |d 27690